000 00732cam a2200229 i 4500
999 _c125076
_d125076
001 19225736
005 20211223093920.0
008 160811t20172017enka b 001 0 eng
020 _a9781119261049 (paperback)
040 _cPK-LaUMT
082 0 0 _a615.7
_223
_bCUR-I
100 1 _aCurry, Stephen H.
245 1 0 _aIntroduction to drug disposition and pharmacokinetics /
_cby Stephen H. Curry and Robin Whelpton
260 _aWest Sussex :
_bJohn Wiley,
_c2017
300 _axi, 323 p. :
_billustrations (some color) ;
_c25 cm
650 0 _aPharmacokinetics.
650 0 _aDrugs
_xMetabolism.
650 0 _aPharmaceutical chemistry.
650 7 _aSCIENCE / Chemistry / Organic.
700 1 _aWhelpton, Robin.
942 _cBK